[Event "GER-chT School WK Girls"]
[Site "Playchess.com INT"]
[Date "2020.06.17"]
[Round "5.1"]
[White "Becker, Hanna Charlotte"]
[Black "Majji, Ruthvika"]
[Result "1/2-1/2"]
[WhiteElo "1455"]
[BlackElo "1446"]
[PlyCount "152"]
[EventDate "2020.06.10"]
[EventType "team-swiss (blitz)"]
[EventRounds "7"]
[EventCountry "GER"]
[SourceTitle "EXT 2021"]
[Source "ChessBase"]
[SourceDate "2020.10.23"]
[SourceVersion "1"]
[SourceVersionDate "2020.10.23"]
[SourceQuality "1"]
[WhiteTeam "Ottweiler Gymn"]
[BlackTeam "Hamburg Dempwolffstr"]
[WhiteTeamCountry "GER"]
[BlackTeamCountry "GER"]

1. e4 e5 2. Qh5 Nf6 3. Qd1 Nc6 4. Nf3 Bc5 5. Nc3 d6 6. d3 Bg4 7. h3 Bxf3 8. Qxf3 Nd4 9. Qd1 0-0 10. Nd5 Nc6 11. Nxf6+ Qxf6 12. Be2 Qxf2+ 13. Kd2 Qe3+ 14. Ke1 Qf2+ 15. Kd2 Be3+ 16. Kc3 Bd4+ 17. Kd2 Be3+ 18. Kc3 Nd4 19. Bxe3 Nxe2+ 20. Kd2 Qxg2 21. Qxe2 Qxe2+ 22. Kxe2 d5 23. exd5 h6 24. d4 exd4 25. Bxd4 Rad8 26. Rhg1 f6 27. c3 Rxd5 28. a3 Re8+ 29. Kd3 Rf5 30. Bxa7 Rf3+ 31. Kd4 Rd8+ 32. Kc4 Rf4+ 33. Kb3 Rd5 34. Rae1 Rb5+ 35. Kc2 Ra4 36. Re8+ Kh7 37. Rge1 Rxa7 38. c4 Rh5 39. R8e7 Rxh3 40. Rxc7 Rh2+ 41. Kc3 Rh3+ 42. Kb4 Rh5 43. c5 f5 44. c6 Rh4+ 45. Kc5 Ra5+ 46. Kb6 Ra6+ 47. Kxb7 Raa4 48. Rd7 Rh2 49. c7 Rxb2+ 50. Kc6 Rc2+ 51. Kd6 Rd2+ 52. Ke7 Ra8 53. Rd8 Rdxd8 54. cxd8Q Ra7+ 55. Kd6 Rxa3 56. Qf8 Rd3+ 57. Ke5 g6 58. Qf7+ Kh8 59. Qxg6 Ra3 60. Qxf5 Ra5+ 61. Kf4 Rxf5+ 62. Kxf5 Kh7 63. Ke6 Kg6 64. Kd5 h5 65. Kd4 Kg5 66. Rg1+ Kh6 67. Ke4 h4 68. Rg4 Kh5 69. Rg1 h3 70. Rh1 Kh4 71. Ke3 Kg4 72. Ke2 Kg3 73. Ke1 Kg2 74. Rf1 h2 75. Ke2 h1Q 76. Rxh1 Kxh1 1/2-1/2

[Event "GER-chT School WK Girls"]
[Site "Playchess.com INT"]
[Date "2020.06.10"]
[Round "1.1"]
[White "Geletzke, Hannah"]
[Black "Becker, Hanna Charlotte"]
[Result "1-0"]
[WhiteElo "1609"]
[BlackElo "1455"]
[PlyCount "59"]
[EventDate "2020.06.10"]
[EventType "team-swiss (blitz)"]
[EventRounds "7"]
[EventCountry "GER"]
[SourceTitle "EXT 2021"]
[Source "ChessBase"]
[SourceDate "2020.10.23"]
[SourceVersion "1"]
[SourceVersionDate "2020.10.23"]
[SourceQuality "1"]
[WhiteTeam "Erfurt Alb Schweitzer Gymn"]
[BlackTeam "Ottweiler Gymn"]
[WhiteTeamCountry "GER"]
[BlackTeamCountry "GER"]

1. e4 e5 2. Nf3 Nf6 3. Nc3 Bc5 4. Nxe5 0-0 5. Bc4 d5 6. Bxd5 Be6 7. Bxb7 Ng4 8. Nxg4 a6 9. Bxa8 Nc6 10. Bxc6 g6 11. 0-0 f5 12. Ne3 fxe4 13. Bxe4 c6 14. d3 Bb6 15. Nc4 Bc7 16. Bh6 Bxc4 17. dxc4 Qd6 18. Qxd6 Bxd6 19. Bxf8 Bxf8 20. Rad1 c5 21. Rd8 Kf7 22. Re1 Ke7 23. Rd5 Ke6 24. Bf3+ Kf6 25. Ne4+ Ke6 26. Nxc5+ Kf7 27. Rd7+ Kf6 28. Re6+ Kg5 29. h4+ Kf4 30. Rf7# 1-0